Central Library OPAC University of Rajshahi

সত্যান্বেষী শরদিন্দু / (Record no. 71435)

MARC details
000 -LEADER
fixed length control field 00916nam a2200229 a 4500
001 - CONTROL NUMBER
control field 71435
003 - CONTROL NUMBER IDENTIFIER
rucl marc code BD-RjUL
005 - DATE AND TIME OF LATEST TRANSACTION
control field 20211209082119.0
008 - FIXED-LENGTH DATA ELEMENTS--GENERAL INFORMATION
fixed length control field 170503s1999 ii ||||| |||| 00| 0 ben d
020 ## - INTERNATIONAL STANDARD BOOK NUMBER
International Standard Book Number 8172670311
Terms of availability : Tk. 50.00
035 ## - SYSTEM CONTROL NUMBER
System control number (BD-RjUL)71651
040 ## - CATALOGING SOURCE
Original cataloging agency BD-RjUL
Language of cataloging ben
Transcribing agency BD-RjUL
041 ## - LANGUAGE CODE
Language code of text/sound track or separate title ben
082 ## - DEWEY DECIMAL CLASSIFICATION NUMBER
Edition number 23
Classification number 891.44092
Author mark and year BAS 1999
100 10 - MAIN ENTRY--PERSONAL NAME
Personal name বসু, নিতাই
9 (RLIN) 126845
245 10 - TITLE STATEMENT
Title সত্যান্বেষী শরদিন্দু /
Statement of responsibility, etc. নিতাই বসু
260 ## - PUBLICATION, DISTRIBUTION, ETC. (IMPRINT)
Place of publication, distribution, etc. কলিকাতা :
Name of publisher, distributor, etc. সাহিত্যম্ ১৮বি শ্যামাচরণ দে স্ট্রীট,
Date of publication, distribution, etc. ১৯৯৯
300 ## - PHYSICAL DESCRIPTION
Pagination ১১৯ পৃ. ;
Size ২২ সেমি.
600 ## - SUBJECT ADDED ENTRY--PERSONAL NAME
Personal name বন্দ্যোপাধ্যায়, শরদিন্দু
Titles and other words associated with a name ১৮৯৯-১৯৭১
Personal name Bondupadai, Saradindu
Titles and other words associated with a name 1899-1971
942 ## - ADDED ENTRY ELEMENTS (KOHA)
Source of classification or shelving scheme Dewey Decimal Classification
Koha item type Books
Holdings
Lost status Source of classification or shelving scheme Damaged status Not for loan Collection code Permanent Location Current Location Shelving location Date acquired Source of acquisition Cost, normal purchase price Total Checkouts Full call number Date last seen Copy number Koha item type
  Dewey Decimal Classification   Not For Loan Non-fiction Central Library, University of Rajshahi Central Library, University of Rajshahi Reading Room 09/06/2007 Dhaka,Paragon Enterprise 50.00   B 891.44092 BAS 1999 03/05/2017 C-1 Books